00421nam a22001337a 4500010001300000020001100013082001200024100002400036245008900060260004600149270004700195300002700242700001800269 aB-106776 c225.00 a006.754 aStanek, William R.  aFaster smarter microsoft office frontpage 2003 /cby William R. Stanek, Greg Holden  aNew Delhi bPrentice-Hall of india c2004 bNew Delhi aM-97, connaught circuse110001 axix, 346p. b25cm(Hb). aHolden, Greg